Star Wars Prequel Finish the quote - Statistics

General Stats
  • This quiz has been taken 2,844 times
  • The average score is 9 of 17
Answer Stats
Hint Answer % Correct
II Pack your things we're __ Leaving
83%
III __ uncivilised So
79%
III __ __ are our specialty Sith Lords
76%
III __ was right, u'v changed Obi-Wan
75%
III Its __ Then Treason
71%
III This is where the __ __ Fun Begins
63%
III You were supposed to bring __ to the __, not leave it in __ Balance Force Darkness
62%
III How can you be on the __ and not be a __ Council Master
62%
III In the name of the __ __ you are under arrest chancellor Galactic Senate
61%
II I __ it when he __ that Hate Does
59%
III General Kenobi, you are a __ __ Bold One
50%
I I call for a __ of no confidence in chancellor __ Vote Valorum
41%
III Dont __ me Obi-Wan i see through the __ of the jedi Lecture Lies
39%
II this __ over Partys
24%
II I dont __ put the __ down! Care Ship
18%
III I __ __ you Anakin Have Failed
12%
I Ill make sure __ doesn't __ you or anything Mum Sell
8%
No matching quizzes found
Score Distribution
Percent of People with Each Score
Percentile by Number Answered
Your Score History
You have not taken this quiz